अबोल झाली सतार (Record no. 403492)

MARC details
000 -LEADER
fixed length control field 00441nam a2200145Ia 4500
008 - FIXED-LENGTH DATA ELEMENTS--GENERAL INFORMATION
fixed length control field 100122s9999 xx 000 0 und d
082 ## - DEWEY DECIMAL CLASSIFICATION NUMBER
Item number 12306
Classification number 822.08
100 ## - MAIN ENTRY--PERSONAL NAME
Personal name दारव्हेकर पुरुषोत्तम
245 ## - TITLE STATEMENT
Title अबोल झाली सतार
260 ## - PUBLICATION, DISTRIBUTION, ETC. (IMPRINT)
Date of publication, distribution, etc 1964
300 ## - PHYSICAL DESCRIPTION
Extent 40
630 ## - SUBJECT ADDED ENTRY--UNIFORM TITLE
Uniform title अबोल झाली सतार
730 ## - ADDED ENTRY--UNIFORM TITLE
Uniform title अबोल झाली सतार
942 ## - ADDED ENTRY ELEMENTS (KOHA)
Koha item type Book

No items available.